[Event "Oban op"]
[Site "Oban"]
[Date "2015.11.21"]
[Round "2"]
[White "Murdochy, Shivan"]
[Black "Orr, Mark JL"]
[Result "1/2-1/2"]
[WhiteElo "1912"]
[BlackElo "2169"]
[PlyCount "78"]
[EventDate "2015.10.20"]
[EventType "swiss"]
[EventRounds "5"]
[EventCountry "SCO"]
[SourceTitle "EXT 2023"]
[Source "ChessBase"]
[SourceDate "2022.10.05"]
[SourceVersion "1"]
[SourceVersionDate "2022.10.05"]
[SourceQuality "1"]

1. d4 Nf6 2. c4 e6 3. Nc3 d5 4. cxd5 exd5 5. Bg5 c6 6. Qc2 Be7 7. e3 0-0 8. Bd3 Nbd7 9. Nf3 Re8 10. h3 Nf8 11. Bf4 Bd6 12. Bxd6 Qxd6 13. 0-0 Be6 14. Rab1 a5 15. a3 N6d7 16. Rfc1 f6 17. Na4 Bf7 18. b4 axb4 19. axb4 Rac8 20. Qb2 b5 21. Nc5 Nxc5 22. Rxc5 Nd7 23. Rcc1 Nb6 24. Nd2 Nc4 25. Qc3 Bg6 26. Bxg6 hxg6 27. Nb3 f5 28. Nc5 g5 29. Re1 g6 30. Qd3 Rc7 31. g3 Ra7 32. Kg2 Rea8 33. Re2 Ra3 34. Rb3 Rxb3 35. Qxb3 Ra3 36. Qb1 Kf7 37. Qc1 Ra7 38. Qb1 Re7 39. Qd3 Ra7 1/2-1/2

[Event "Oban op"]
[Site "Oban"]
[Date "2012.11.17"]
[Round "2"]
[White "Neave, George"]
[Black "Murdochy, Shivan"]
[Result "0-1"]
[WhiteElo "2051"]
[BlackElo "1880"]
[PlyCount "89"]
[EventDate "2012.11.16"]
[EventType "swiss"]
[EventRounds "5"]
[EventCountry "SCO"]
[SourceTitle "EXT 2023"]
[Source "ChessBase"]
[SourceDate "2022.10.05"]
[SourceVersion "1"]
[SourceVersionDate "2022.10.05"]
[SourceQuality "1"]

1. d4 e6 2. e4 d5 3. Nd2 Be7 4. Ngf3 Nf6 5. e5 Nfd7 6. Bd3 c5 7. c3 Nc6 8. 0-0 a5 9. Bc2 g5 10. dxc5 Ncxe5 11. Nxe5 Nxe5 12. Nb3 Nc6 13. a4 Bd7 14. f4 gxf4 15. Bxf4 e5 16. Bg3 Be6 17. Qh5 Qc7 18. Rae1 0-0-0 19. Bf5 Rdf8 20. Kh1 Rhg8 21. Qxh7 Qd8 22. Qh3 Qd7 23. Bxe5 Rg5 24. Bxe6 fxe6 25. Rxf8+ Bxf8 26. Bg3 Rf5 27. Qh8 Qf7 28. h3 Rh5 29. Qxh5 Qxh5 30. Kh2 Kd7 31. Nd4 Nxd4 32. cxd4 Bg7 33. Be5 Bxe5+ 34. dxe5 Qh4 35. Rf1 d4 36. g4 Qg5 37. Kg3 Qxe5+ 38. Kh4 d3 39. g5 d2 40. g6 Qe1+ 41. Rxe1 dxe1Q+ 42. Kh5 Ke7 43. Kg5 Qg3+ 44. Kh6 Kf6 45. g7 0-1

[Event "Gatwick e2e4 Challengers-C"]
[Site "Crawley"]
[Date "2012.08.21"]
[Round "6"]
[White "Murdochy, Shivan"]
[Black "Scott, Jonathan"]
[Result "1/2-1/2"]
[WhiteElo "1860"]
[BlackElo "1874"]
[PlyCount "72"]
[EventDate "2012.08.18"]
[EventType "tourn"]
[EventRounds "9"]
[EventCountry "ENG"]
[SourceTitle "EXT 2014"]
[Source "ChessBase"]
[SourceDate "2013.11.20"]
[SourceVersion "1"]
[SourceVersionDate "2013.11.20"]
[SourceQuality "1"]

1. d4 Nf6 2. c4 g6 3. Nc3 Bg7 4. e4 d6 5. f4 0-0 6. Nf3 Na6 7. Be2 c5 8. d5 e6 9. 0-0 exd5 10. cxd5 Nc7 11. a4 Bg4 12. h3 Bxf3 13. Bxf3 Nd7 14. Re1 Rb8 15. Nb5 Nxb5 16. axb5 Qb6 17. Qa4 Ra8 18. Bd2 c4+ 19. Be3 Bd4 20. Bxd4 Qxd4+ 21. Kh1 Nc5 22. Qc2 Nd3 23. Re2 Nxf4 24. Rd2 Qc5 25. Ra4 Rfc8 26. Bg4 Rc7 27. b6 Qxb6 28. Rxc4 Rxc4 29. Qxc4 h5 30. Bf3 Qc5 31. Qxc5 dxc5 32. Kh2 h4 33. g3 hxg3+ 34. Kxg3 Nh5+ 35. Bxh5 gxh5 36. Kh4 Kg7 1/2-1/2

[Event "Gatwick e2e4 Challengers-C"]
[Site "Crawley"]
[Date "2012.08.21"]
[Round "7"]
[White "Tarhon, Brian"]
[Black "Murdochy, Shivan"]
[Result "1/2-1/2"]
[WhiteElo "1787"]
[BlackElo "1860"]
[PlyCount "40"]
[EventDate "2012.08.18"]
[EventType "tourn"]
[EventRounds "9"]
[EventCountry "ENG"]
[SourceTitle "EXT 2014"]
[Source "ChessBase"]
[SourceDate "2013.11.20"]
[SourceVersion "1"]
[SourceVersionDate "2013.11.20"]
[SourceQuality "1"]

1. e4 c5 2. Nf3 g6 3. d4 cxd4 4. Nxd4 Nc6 5. Nc3 Bg7 6. Be3 Nf6 7. Bc4 0-0 8. Bb3 a5 9. f3 d5 10. 0-0 dxe4 11. Nxc6 bxc6 12. Qxd8 Rxd8 13. fxe4 Ba6 14. Rfd1 Nd7 15. Bg5 Kf8 16. Rd2 Nc5 17. Na4 Nxe4 18. Rxd8+ Rxd8 19. Be3 f5 20. c3 Rd6 1/2-1/2

[Event "Gatwick e2e4 Challengers-C"]
[Site "Crawley"]
[Date "2012.08.20"]
[Round "4"]
[White "Murdochy, Shivan"]
[Black "Wood Robinson, Max"]
[Result "0-1"]
[WhiteElo "1860"]
[BlackElo "1752"]
[PlyCount "78"]
[EventDate "2012.08.18"]
[EventType "tourn"]
[EventRounds "9"]
[EventCountry "ENG"]
[SourceTitle "EXT 2014"]
[Source "ChessBase"]
[SourceDate "2013.11.20"]
[SourceVersion "1"]
[SourceVersionDate "2013.11.20"]
[SourceQuality "1"]

1. d4 d5 2. c4 e6 3. Nc3 Nf6 4. cxd5 exd5 5. Bg5 Be7 6. Qc2 Be6 7. e3 Nbd7 8. Bd3 a6 9. a4 h6 10. Bh4 c5 11. Nf3 0-0 12. 0-0 Re8 13. Rfd1 c4 14. Bf5 Qb6 15. Bxe6 Qxe6 16. Re1 Bb4 17. Nd2 Bxc3 18. bxc3 b5 19. Rab1 Qc6 20. axb5 axb5 21. f3 Ra3 22. e4 Rea8 23. e5 Nh5 24. Qf5 g6 25. Qg4 Qe6 26. Qxe6 fxe6 27. Rec1 Nf4 28. Kf1 Nd3 29. Rc2 Ra1 30. Rxa1 Rxa1+ 31. Ke2 g5 32. Bf2 Nf4+ 33. Ke3 Nxg2+ 34. Ke2 Nf4+ 35. Ke3 Nd3 36. Ke2 Nb6 37. h4 Na4 38. hxg5 hxg5 39. Bg3 b4 0-1

[Event "Dundee & Angus op"]
[Site "Dundee"]
[Date "2012.??.??"]
[Round "5"]
[White "Murdochy, Shivan"]
[Black "O'Rourke, Dominic"]
[Result "1-0"]
[WhiteElo "1880"]
[BlackElo "1813"]
[PlyCount "39"]
[EventDate "2012.10.13"]
[EventType "swiss"]
[EventRounds "5"]
[EventCountry "SCO"]
[SourceTitle "EXT 2017"]
[Source "ChessBase"]
[SourceDate "2016.10.25"]
[SourceVersion "1"]
[SourceVersionDate "2016.10.25"]
[SourceQuality "1"]

1. d4 Nf6 2. c4 g6 3. Nc3 Bg7 4. e4 d6 5. f3 0-0 6. Be3 a6 7. Bd3 Nbd7 8. Nge2 c5 9. d5 b5 10. cxb5 Qa5 11. 0-0 Nb6 12. a4 Nbd7 13. Ng3 Ne5 14. Be2 h5 15. Nh1 Ne8 16. Nf2 c4 17. h3 Nd3 18. Nxd3 Bxc3 19. bxc3 cxd3 20. Qxd3 1-0

[Event "World ol U16 10th"]
[Site "Kocaeli"]
[Date "2011.10.29"]
[Round "7.10"]
[White "Abramciuc, Marius"]
[Black "Murdochy, Shivan"]
[Result "1/2-1/2"]
[WhiteElo "2029"]
[BlackElo "1866"]
[PlyCount "104"]
[EventDate "2011.10.24"]
[EventType "team-swiss"]
[EventRounds "10"]
[EventCountry "TUR"]
[SourceTitle "EXT 2012"]
[Source "ChessBase"]
[SourceDate "2011.11.24"]
[SourceVersion "1"]
[SourceVersionDate "2011.11.24"]
[SourceQuality "1"]
[WhiteTeam "Moldova U16"]
[BlackTeam "Scotland"]
[WhiteTeamCountry "MDA"]
[BlackTeamCountry "SCO"]

1. e4 e6 2. d4 d5 3. Nd2 Be7 4. Bd3 c5 5. dxc5 Nf6 6. Qe2 0-0 7. Ngf3 a5 8. c4 dxe4 9. Nxe4 Nbd7 10. Bg5 Nxe4 11. Qxe4 g6 12. Bxe7 Qxe7 13. 0-0-0 Nxc5 14. Qe5 b6 15. Nd4 Ba6 16. h4 Nxd3+ 17. Rxd3 Qc5 18. Qxc5 bxc5 19. Nb5 Bxb5 20. cxb5 a4 21. Rhd1 Rfb8 22. Rd7 Rxb5 23. Rc7 Rab8 24. Rd2 Kg7 25. Rc2 Rb4 26. g3 R8b5 27. Rd2 Rc4+ 28. Rc2 Rxc2+ 29. Kxc2 Kf6 30. Ra7 Rb4 31. Ra5 Rc4+ 32. Kd3 Rc1 33. Rxa4 Rf1 34. Rf4+ Ke7 35. Kc4 Rc1+ 36. Kb5 Rc2 37. b3 Rxa2 38. Kxc5 e5 39. Rf3 f5 40. b4 e4 41. Rb3 Rxf2 42. b5 Rf3 43. Rb1 Rc3+ 44. Kd4 Rd3+ 45. Kc4 Rd8 46. b6 h6 47. b7 Rb8 48. Kd4 Kd6 49. Rb6+ Kc7 50. Rxg6 Kxb7 51. Rxh6 Rg8 52. Rh5 Rxg3 1/2-1/2

[Event "World ol U16 10th"]
[Site "Kocaeli"]
[Date "2011.10.27"]
[Round "6.18"]
[White "Murdochy, Shivan"]
[Black "Ahmed, Fareed"]
[Result "1/2-1/2"]
[WhiteElo "1866"]
[BlackElo "1711"]
[PlyCount "52"]
[EventDate "2011.10.24"]
[EventType "team-swiss"]
[EventRounds "10"]
[EventCountry "TUR"]
[SourceTitle "EXT 2012"]
[Source "ChessBase"]
[SourceDate "2011.11.24"]
[SourceVersion "1"]
[SourceVersionDate "2011.11.24"]
[SourceQuality "1"]
[WhiteTeam "Scotland"]
[BlackTeam "United Arab Emirates II"]
[WhiteTeamCountry "SCO"]
[BlackTeamCountry "UAE"]

1. d4 Nf6 2. c4 e6 3. Nc3 Bb4 4. f3 d5 5. a3 Bxc3+ 6. bxc3 b6 7. cxd5 exd5 8. e3 0-0 9. Bd3 c5 10. Ne2 Bb7 11. 0-0 Re8 12. Ng3 g6 13. Re1 h5 14. Bd2 Nc6 15. Qb1 Qd7 16. Kh1 h4 17. Ne2 Kg7 18. Qb2 c4 19. Bc2 Re7 20. Rad1 Qc7 21. Qb1 Na5 22. Ng1 Rae8 23. Nh3 Qc8 24. Rf1 Bc6 25. Rde1 Nb7 26. Ng5 Nd6 1/2-1/2

[Event "Lothians op"]
[Site "Scotland"]
[Date "2011.10.01"]
[Round "3"]
[White "Murdochy, Shivan"]
[Black "Ridge, Michael"]
[Result "1/2-1/2"]
[WhiteElo "1894"]
[BlackElo "1892"]
[PlyCount "26"]
[EventDate "2011.09.30"]
[EventType "swiss"]
[EventRounds "5"]
[EventCountry "SCO"]
[SourceTitle "EXT 2023"]
[Source "ChessBase"]
[SourceDate "2022.10.05"]
[SourceVersion "1"]
[SourceVersionDate "2022.10.05"]
[SourceQuality "1"]

1. d4 Nf6 2. c4 g6 3. Nc3 Bg7 4. e4 d6 5. f4 0-0 6. Nf3 e5 7. dxe5 dxe5 8. Nxe5 Qxd1+ 9. Kxd1 Na6 10. Be2 Rd8+ 11. Kc2 Nxe4 12. Nxe4 Be6 13. Nc5 Re8 1/2-1/2

[Event "Grangemouth Premier"]
[Site "Grangemouth"]
[Date "2010.09.11"]
[Round "2"]
[White "Murdochy, Shivan"]
[Black "Marks, Ian Alexander"]
[Result "1/2-1/2"]
[WhiteElo "1824"]
[BlackElo "1919"]
[PlyCount "73"]
[EventDate "2010.09.10"]
[EventType "swiss"]
[EventRounds "5"]
[EventCountry "SCO"]
[SourceTitle "EXT 2023"]
[Source "ChessBase"]
[SourceDate "2022.10.05"]
[SourceVersion "1"]
[SourceVersionDate "2022.10.05"]
[SourceQuality "1"]

1. d4 Nf6 2. c4 e6 3. Nc3 Bb4 4. f3 d5 5. a3 Be7 6. e4 dxe4 7. fxe4 e5 8. d5 Bc5 9. Nf3 Bg4 10. Be2 Nbd7 11. b4 Bxf3 12. Bxf3 Bd4 13. Kd2 a5 14. Bb2 0-0 15. Na4 axb4 16. Bxd4 exd4 17. axb4 Qe7 18. Qb1 Ne5 19. c5 Rfe8 20. Nb2 Rxa1 21. Qxa1 b6 22. Qa7 h6 23. d6 cxd6 24. Qxe7 Rxe7 25. cxd6 Re8 26. Rc1 g5 27. Nc4 g4 28. Nxe5 Rxe5 29. Bxg4 Nxe4+ 30. Kd3 Nxd6 31. Rc6 Re3+ 32. Kxd4 Re4+ 33. Kd5 Rxg4 34. Rxd6 Rxb4 35. Rxh6 Kg7 36. Rh3 Rb2 37. Rg3+ 1/2-1/2

[Event "Grangemouth Premier"]
[Site "Grangemouth"]
[Date "2010.09.10"]
[Round "1"]
[White "McGowan, Daniel"]
[Black "Murdochy, Shivan"]
[Result "1-0"]
[WhiteElo "2082"]
[BlackElo "1824"]
[PlyCount "57"]
[EventDate "2010.09.10"]
[EventType "swiss"]
[EventRounds "5"]
[EventCountry "SCO"]
[SourceTitle "EXT 2023"]
[Source "ChessBase"]
[SourceDate "2022.10.05"]
[SourceVersion "1"]
[SourceVersionDate "2022.10.05"]
[SourceQuality "1"]

1. e4 c5 2. c3 d5 3. exd5 Qxd5 4. d4 g6 5. Nf3 Bg7 6. Be2 Nf6 7. 0-0 0-0 8. dxc5 Qxc5 9. Be3 Qc7 10. Na3 a6 11. Nc4 Nbd7 12. a4 b6 13. Qd4 Nh5 14. Qe4 Bb7 15. Qxe7 Bxf3 16. Bxf3 Rae8 17. Qb4 b5 18. axb5 axb5 19. Qxb5 Rb8 20. Qa4 Ne5 21. Nxe5 Bxe5 22. Bxh5 gxh5 23. Bh6 Rfd8 24. Qh4 Rxb2 25. Ra7 Qd6 26. Qg5+ Kh8 27. Rxf7 Rg8 28. Qxh5 Qd5 29. Rxh7+ 1-0

[Event "EU-ch U14 19th"]
[Site "Fermo"]
[Date "2009.09.03"]
[Round "4"]
[White "Murdochy, Shivan"]
[Black "Lapidus, Mark"]
[Result "0-1"]
[WhiteElo "1797"]
[BlackElo "1921"]
[PlyCount "52"]
[EventDate "2009.08.31"]
[EventType "swiss"]
[EventRounds "9"]
[EventCountry "ITA"]
[SourceTitle "CBM 132 Extra"]
[Source "ChessBase"]
[SourceDate "2009.11.03"]
[SourceVersion "1"]
[SourceVersionDate "2009.11.03"]
[SourceQuality "1"]

1. d4 Nf6 2. c4 e6 3. Nc3 Bb4 4. f3 d5 5. a3 Be7 6. e4 0-0 7. Nge2 b6 8. Ng3 dxc4 9. Bxc4 Bb7 10. Be3 Nbd7 11. 0-0 c5 12. dxc5 Bxc5 13. Bxc5 Nxc5 14. b4 Ncd7 15. Bb3 Qe7 16. Kh1 Ba6 17. Re1 Rac8 18. Rc1 Rfd8 19. Qc2 Ne5 20. Rcd1 Nd3 21. Re3 Rxc3 22. Qxc3 Nf2+ 23. Kg1 Nxd1 24. Bxd1 Rxd1+ 25. Kf2 Qd7 26. Qe5 h6 0-1